00750 2200265 4500001002100000005001700021008004100038020001800079035002400097082001100121090001800132100001700150245010800167250001100275260003200286300003100318500003100349650001200380700001900392700002400411850001500435980001300450985000600463999001500469YOGYA-0209000001169420090227022142.0 ind  a979-518-556-x 0010-020900000011694 a332,41 a332,41bAgm J aAQMON, Tamin aInflasi, disinflasi, dan keputusan keuangancTamir Aqmon, Reuwen Horesh ; penerjemah Burhan Wirasubrata aCet. 1 aJakartabRineka Ciptac1994 aviii, 147 hlmbilusc21 cm aBibliografi : hlm. 145-146 aInflasi aHoresh, Rouwen aWirasubrata, Burhan aYOPDYOG(B) a12-10-05 a1 a01P0002817